| 000 | 01175cad a22002535a 4500 | ||
|---|---|---|---|
| 001 | E148266 | ||
| 008 | 090825s2007 xxk f s000 0 eng d | ||
| 020 | _a9780755968770 | ||
| 035 | _a(Sirsi) u148266 | ||
| 041 | 0 | _aeng | |
| 050 | 0 | 4 | _a711.1 $2 18 |
| 110 | 2 |
_aHargest & Wallace Planning Ltd _95782 |
|
| 245 | 0 | 0 |
_aTown centre retailing methodologies _bfinal report _h[electronic resource] |
| 260 |
_aEdinburgh _bScottish Government _c2007 |
||
| 505 | 2 | _aIntroduction -- The role of town centres and retailing -- Techniques for development planning -- Town centre health checks -- Town centre strategies -- Retail impact assessment -- Summary and conclusions | |
| 520 | _aSets out the results of research relating to the drawing up of a Planning Advice Note on town centres and retailing, which was proposed in SPP8 on Town Centres and Retailing (2006). | ||
| 521 | _aAdvanced | ||
| 590 | _aKA | ||
| 651 | 4 |
_aScotland _y1999- |
|
| 690 | _aPROPERTY-COMMERCIAL PROPERTY-RETAIL PROPERTY | ||
| 710 | 1 |
_aDonaldsons _93333 |
|
| 856 | 4 | 0 |
_uhttps://www.scotland.gov.uk/Publications/2007/12/24105030/0 _zView the report free of charge at www.scotland.gov.uk... |
| 942 | _n0 | ||
| 999 |
_c109980 _d109980 |
||